Statistics for Sydney Suburbs by Religion

Click here to take the quiz!

General Stats

  • This quiz has been taken 23 times
  • The average score is 12 of 25

Answers on the Map

Answers color-coded by a green-red scale on the quiz's map according to % correct below.
 

Answer Stats

Religion%Suburb% Correct
Islam31.1Bankstown
86%
Hinduism33.6Parramatta
81%
Islam38.5Auburn
76%
Islam16.4Liverpool
76%
Islam38.4Punchbowl
76%
Hinduism19.8Granville
67%
Islam61.2Lakemba
67%
Buddhism42.2Cabramatta
62%
Buddhism35.4Canley Vale
52%
Islam31.1Yagoona
52%
Islam39.1Guildford
48%
Hinduism43.6Westmead
48%
Islam46.8Greenacre
43%
Hinduism43.2Wentworthville
43%
Hinduism27.6Toongabbie
38%
Islam34.8Chester Hill
33%
Islam31.4Condell Park
33%
Islam27.5Merrylands
33%
Islam54.7Wiley Park
33%
Buddhism37.1Canley Heights
29%
Islam22.3Minto
29%
Islam33.5Bass Hill
24%
Hinduism29.0Schofields
19%
Islam28.9Lurnea
10%
Hinduism25.1The Ponds
10%

Score Distribution

Percentile by Number Answered

Percent of People with Each Score

Your Score History

You have not taken this quiz